Thiết kế và phân tích thí nghiệm: Quy hoạch hóa thực nghiệm
Guardat en:
| Autor principal: | |
|---|---|
| Format: | Llibre |
| Idioma: | Undetermined |
| Publicat: |
Hà Nội
KHKT
1999
|
| Matèries: | |
| Etiquetes: |
Afegir etiqueta
Sense etiquetes, Sigues el primer a etiquetar aquest registre!
|
| Thư viện lưu trữ: | Trung tâm Học liệu Trường Đại học Cần Thơ |
|---|
| LEADER | 00569nam a2200205Ia 4500 | ||
|---|---|---|---|
| 001 | CTU_62574 | ||
| 008 | 210402s9999 xx 000 0 und d | ||
| 020 | |b 70000 | ||
| 082 | |a 542 | ||
| 082 | |b T500 | ||
| 100 | |a Tô Cẩm Tú | ||
| 245 | 0 | |a Thiết kế và phân tích thí nghiệm: Quy hoạch hóa thực nghiệm | |
| 245 | 0 | |c Tô Cẩm Tú | |
| 260 | |a Hà Nội | ||
| 260 | |b KHKT | ||
| 260 | |c 1999 | ||
| 650 | |a chemistry | ||
| 650 | |x experiments | ||
| 904 | |i Minh | ||
| 980 | |a Trung tâm Học liệu Trường Đại học Cần Thơ | ||